សៀវភៅកសិករកម្រងបច្ចេកទេសកសិកម្មល្អៗធន់នឹងអាកាសធាតុប្រែប្រួល (Record no. 21106)
[ view plain ]
| 000 -LEADER | |
|---|---|
| fixed length control field | 00468nam a22001337a 4500 |
| 003 - CONTROL NUMBER IDENTIFIER | |
| control field | LRUA |
| 005 - DATE AND TIME OF LATEST TRANSACTION | |
| control field | 20230208102006.0 |
| 008 - FIXED-LENGTH DATA ELEMENTS--GENERAL INFORMATION | |
| fixed length control field | 230208b xxu||||| |||| 00| 0 eng d |
| 040 ## - CATALOGING SOURCE | |
| Transcribing agency | RUA |
| 082 ## - DEWEY DECIMAL CLASSIFICATION NUMBER | |
| Edition number | DAN GRA 2015 C001 Or. |
| 245 ## - TITLE STATEMENT | |
| Title | សៀវភៅកសិករកម្រងបច្ចេកទេសកសិកម្មល្អៗធន់នឹងអាកាសធាតុប្រែប្រួល |
| 260 ## - PUBLICATION, DISTRIBUTION, ETC. (IMPRINT) | |
| Place of publication, distribution, etc. | Phnom Penh |
| Name of publisher, distributor, etc. | RUA |
| Date of publication, distribution, etc. | 2015 |
| 942 ## - ADDED ENTRY ELEMENTS (KOHA) | |
| Source of classification or shelving scheme | |
| Koha item type | សៀវភៅភាសាខ្មែរ |
| Price effective from | Date last seen | Permanent Location | Not for loan | Date acquired | Source of classification or shelving scheme | Koha item type | Barcode | Lost status | Damaged status | Shelving location | Withdrawn status | Current Location | Full call number |
|---|---|---|---|---|---|---|---|---|---|---|---|---|---|
| 2023-02-08 | 2023-02-08 | Library Block C | 2023-02-08 | សៀវភៅភាសាខ្មែរ | a071098 | C001 | Library Block C | DAN GRA 2015 C001 Or. | |||||
| 2023-02-08 | 2023-02-08 | Library Block C | 2023-02-08 | សៀវភៅភាសាខ្មែរ | a071086 | C001 | Library Block C | DAN GRA 2015 C001 Or. | |||||
| 2023-02-08 | 2023-02-08 | Library Block C | 2023-02-08 | សៀវភៅភាសាខ្មែរ | a071078 | C001 | Library Block C | DAN GRA 2015 C001 Or. | |||||
| 2023-02-08 | 2023-02-08 | Library Block C | 2023-02-08 | សៀវភៅភាសាខ្មែរ | a071175 | C001 | Library Block C | DAN GRA 2015 C001 Or. | |||||
| 2023-02-08 | 2023-02-08 | Library Block C | 2023-02-08 | សៀវភៅភាសាខ្មែរ | a071159 | C001 | Library Block C | DAN GRA 2015 C001 Or. | |||||
| 2023-02-08 | 2023-02-08 | Library Block C | 2023-02-08 | សៀវភៅភាសាខ្មែរ | a071151 | C001 | Library Block C | DAN GRA 2015 C001 Or. | |||||
| 2023-02-08 | 2023-02-08 | Library Block C | 2023-02-08 | សៀវភៅភាសាខ្មែរ | a071127 | C001 | Library Block C | DAN GRA 2015 C001 Or. | |||||
| 2023-02-08 | 2023-02-08 | Library Block C | 2023-02-08 | សៀវភៅភាសាខ្មែរ | a071135 | C001 | Library Block C | DAN GRA 2015 C001 Or. |